Statistics for Indian Languages

Click here to take the quiz!

General Stats

  • This quiz has been taken 18 times
  • The average score is 16 of 21

Answer Stats

#LanguageAmount of Speakers%% Correct
2Bengali97,237,6698.03%
100%
1Hindi528,347,19343.63%
100%
10Malayalam34,838,8192.88%
100%
11Punjabi33,124,7262.74%
100%
5Tamil69,026,8815.70%
100%
12Assamese15,311,3511.26%
91%
6Gujarati55,492,5544.58%
91%
8Kannada43,706,5123.61%
91%
15Kashmiri6,797,5870.58%
91%
3Marathi83,026,6806.86%
91%
4Telugu81,127,7406.70%
91%
7Urdu50,772,6314.19%
91%
9Odia37,521,3243.10%
82%
16Nepali2,926,1680.25%
73%
17Sindhi2,772,2640.24%
73%
13Maithili13,583,4641.12%
45%
21Bodo1,482,9290.13%
36%
18Dogri2,596,7670.22%
36%
19Konkani2,256,5020.19%
27%
20Meitei1,761,0790.15%
27%
14Santali7,368,1920.65%
18%

Score Distribution

Percentile by Number Answered

Percent of People with Each Score

Your Score History

You have not taken this quiz